LEADER 00895nam0-2200313---450- 001 990008417850403321 005 20061114115646.0 035 $a000841785 035 $aFED01000841785 035 $a(Aleph)000841785FED01 035 $a000841785 100 $a20061114d1968----km-y0itay50------ba 101 1 $aita 102 $aIT 105 $aa-------001yy 200 1 $aConoscere la tecnica delle costruzioni$ele scale$fprof. Libero Guarneri 210 $aMilano$cGörlich$dc1968 215 $a135-190 p.$cill.$d29 cm 300 $aEstratto dell'opera: "Elementi costruttivi nell'architettura" 610 0 $aScale 676 $a729.3 700 1$aGuarneri,$bLibero$0957 801 0$aIT$bUNINA$gRICA$2UNIMARC 901 $aBK 912 $a990008417850403321 952 $a234003$b707$fDCATA 959 $aDCATA 996 $aConoscere la tecnica delle costruzioni$9725906 997 $aUNINA LEADER 01791oam 2200457 a 450 001 9910700762103321 005 20110713112504.0 035 $a(CKB)5470000002411385 035 $a(OCoLC)660215842 035 $a(EXLCZ)995470000002411385 100 $a20100902d2010 ua 0 101 0 $aeng 135 $aurmn|---a|||| 181 $ctxt$2rdacontent 182 $cc$2rdamedia 183 $acr$2rdacarrier 200 10$aCyberspace$b[electronic resource] $eUnited States faces challenges in addressing global cybersecurity and governance : report to Congressional requesters 210 1$a[Washington, D.C.] :$cU.S. Govt. Accountability Office,$d[2010] 215 $a1 online resource (iv, 46 pages) $cillustrations 300 $aTitle from PDF title screen (GAO, viewed June 23, 2011). 300 $a"July 2010." 300 $a"GAO-10-606." 320 $aIncludes bibliographical references. 517 $aCyberspace 606 $aCyberinfrastructure$xSecurity measures$xGovernment policy$zUnited States 606 $aCyberterrorism$zUnited States$xPrevention 606 $aComputer networks$xSecurity measures$xGovernment policy$zUnited States 606 $aInformation storage and retrieval systems$xUnited States$xSecurity measures$xGovernment policy$zUnited States 615 0$aCyberinfrastructure$xSecurity measures$xGovernment policy 615 0$aCyberterrorism$xPrevention. 615 0$aComputer networks$xSecurity measures$xGovernment policy 615 0$aInformation storage and retrieval systems$xUnited States$xSecurity measures$xGovernment policy 801 0$bJJG 801 1$bJJG 801 2$bGUL 801 2$bLEGAL 801 2$bGPO 906 $aBOOK 912 $a9910700762103321 996 $aCyberspace$955625 997 $aUNINA